Statistics for Countries that have the most Twitter users

Click here to take the quiz!

General Stats

  • This quiz has been taken 45 times
  • The average score is 8 of 10

Answer Stats

Country% Correct
United States
100%
Brazil
98%
France
93%
India
93%
Mexico
93%
Japan
91%
Indonesia
75%
Turkey
61%
Philippines
55%
Saudi Arabia
14%

Score Distribution

Percentile by Number Answered

Percent of People with Each Score

Your Score History

You have not taken this quiz